000 00296nam a22001337a 4500
008 170622b xxu||||| |||| 00| 0 eng d
020 _a2900872896146
041 _aeng
080 _a32
100 _a20
101 _aSHP
245 _aISSUES IN RACE AND ETHNICITY
_cCARTER, B
942 _2udc
_cBK
999 _c18619
_d18619